<?xml version="1.0" encoding="UTF-8"?>
<collection xmlns="http://www.loc.gov/MARC21/slim">
 <record>
  <leader>06393ntm a22006857i 4500</leader>
  <controlfield tag="001">000713875</controlfield>
  <controlfield tag="003">CZ-PrVSE</controlfield>
  <controlfield tag="005">20240601120724.0</controlfield>
  <controlfield tag="006">m        d</controlfield>
  <controlfield tag="007">cr n||||||||||</controlfield>
  <controlfield tag="008">240601s2024    xr     fsbm   000 0 cze d</controlfield>
  <datafield tag="STA" ind1=" " ind2=" ">
   <subfield code="a">NEZPRACOVANÝ IMPORT</subfield>
  </datafield>
  <datafield tag="040" ind1=" " ind2=" ">
   <subfield code="a">ABA006</subfield>
   <subfield code="b">cze</subfield>
   <subfield code="c">ABA006</subfield>
   <subfield code="d">ABA006</subfield>
   <subfield code="e">rda</subfield>
  </datafield>
  <datafield tag="100" ind1="1" ind2=" ">
   <subfield code="a">Kopecký, Daniel</subfield>
   <subfield code="%">ISIS:149078</subfield>
   <subfield code="4">dis</subfield>
  </datafield>
  <datafield tag="242" ind1="1" ind2="0">
   <subfield code="a">Use of gamification in physical activity applications</subfield>
   <subfield code="y">eng</subfield>
  </datafield>
  <datafield tag="245" ind1="1" ind2="0">
   <subfield code="a">Využití gamifikace v aplikacích pro pohybovou aktivitu /</subfield>
   <subfield code="c">Daniel Kopecký</subfield>
  </datafield>
  <datafield tag="264" ind1=" " ind2="0">
   <subfield code="c">2024</subfield>
  </datafield>
  <datafield tag="300" ind1=" " ind2=" ">
   <subfield code="a">?? stran :</subfield>
   <subfield code="3">digital, PDF soubor</subfield>
  </datafield>
  <datafield tag="500" ind1=" " ind2=" ">
   <subfield code="a">Vedoucí práce: František Sudzina</subfield>
  </datafield>
  <datafield tag="502" ind1=" " ind2=" ">
   <subfield code="a">Diplomová práce (Ing.)—Vysoká škola ekonomická v Praze. Fakulta informatiky a statistiky, 2024</subfield>
  </datafield>
  <datafield tag="504" ind1=" " ind2=" ">
   <subfield code="a">Obsahuje bibliografii</subfield>
  </datafield>
  <datafield tag="516" ind1=" " ind2=" ">
   <subfield code="a">Textový (vysokoškolská kvalifikační práce)</subfield>
  </datafield>
  <datafield tag="518" ind1=" " ind2=" ">
   <subfield code="a">Rok obhajoby 2024</subfield>
  </datafield>
  <datafield tag="520" ind1="3" ind2=" ">
   <subfield code="a">Tato práce se zabývá tématem využití gamifikace v aplikacích pro pohybovou aktivitu. První část práce se skládá z literární rešerše těchto témat, kdy je zkoumá do hloubky snaží se je čtenářům co nejlépe vysvětli a poukázat na návaznosti mezi nimi. Hlavním cíle první části práce je přiblížit samotná témata jako jsou pohybová aktivita, vliv pohybu na zdraví člověka, gamifikace a gamifikování pohybu pomocí aplikací pro pohybovou aktivitu. Z této části práce také vychází čtyři výzkumné otázky této práce související s gamifikovanými aplikacemi a jejich vlivu na motivaci a četnost pohybu a také s vlivem pohybu na mentální zdraví a vnímání stresu jedince. Druhá část práce je složena z kvantitativního a kvalitativního výzkumu. Kvantitativní výzkum probíhal pomocí experimentu s kontrolní a experimentální skupinou. V rámci tohoto experimentu tyto skupiny vyplňovaly vstupní a výstupní dotazníky, které posloužily k získání základních informací o respondentech a poté k porovnání jejich četnosti cvičení před a po výzkumu a také k vyhodnocení vlivů aplikace na experimentální skupinu. V rámci toho byly také hledány odpovědi na výzkumné otázky. Na závěr této části byla využita lineární regrese s interakcí pro statistické vyhodnocení získaných odpovědí. Poté následovala část kvalitativního výzkumu ve formě strukturovaných rozhovorů se členy experimentální skupiny. Během těchto rozhovorů jim bylo položeno devět otázek, které byli nápomocné k hlubšímu porozumění, jak aplikace pro pohybovou aktivitu s gamifikací působí na své uživatele a jak je uživatelé vnímají. Práce odhalila, že tyto gamifikované aplikace pro pohybovou aktivitu mohou mít pozitivní vliv na motivaci uživatelů, kdy jim poskytují buď dodatečnou motivaci ve dnech, kdy se jim nechce úplně cvičit nebo vnášejí do cvičení ur</subfield>
  </datafield>
  <datafield tag="520" ind1="8" ind2=" ">
   <subfield code="a">Většina respondentů se také shodla, že pohybová aktivita má pozitivní vliv na jejich celkovou psychickou pohodu a přináší jim úlevu od stresu. Díky kvalitativní části bylo možné více porozumět tomu, jak uživatelé tyto aplikace vnímají a jaké s nimi mají zkušenosti. Kdy ve většině případů jsou tyto aplikace velmi jednoduché a intuitivní na ovládání a uživatelé s nimi mají pozitivní zkušenosti a vnímají je jako dobrý nástroj pro udržení motivace ke cvičení. Výzkumná část práce obsahuje nějaké nedostatky jako je například malý vzorek jedinců v kvantitativní části a také to, že vzorek respondentů pochází z mého okolí, což nemusí stoprocentně reprezentovat běžné rozdělení společnosti. Dalším nedostatkem je krátká doba výzkumu, která může poukazovat pouze na krátkodobé efekty gamifikovaných aplikací. Proto bych pro budoucí výzkumy tohoto typu doporučil mít vzorek respondentů dostatečně velký, který by zajistil statisticky významné výsledky kvantitativního výzkumu a také by zajistil autentičtější rozdělení společnosti. Dále bych doporučil minimálně půlroční délku výzkumu, která by mohla odhalit nedostatky či naopak pozitiva gamifikovaných aplikací v dlouhodobém měřítku.</subfield>
  </datafield>
  <datafield tag="538" ind1=" " ind2=" ">
   <subfield code="a">Způsob přístupu: Internet</subfield>
  </datafield>
  <datafield tag="653" ind1="0" ind2=" ">
   <subfield code="a">řízení podnikové informatiky [obor dipl. práce]</subfield>
  </datafield>
  <datafield tag="655" ind1=" " ind2="7">
   <subfield code="a">diplomové práce</subfield>
   <subfield code="7">fd132022</subfield>
   <subfield code="2">czenas</subfield>
  </datafield>
  <datafield tag="655" ind1=" " ind2="9">
   <subfield code="a">master's theses</subfield>
   <subfield code="2">eczenas</subfield>
  </datafield>
  <datafield tag="690" ind1=" " ind2=" ">
   <subfield code="a">Gamifikace</subfield>
  </datafield>
  <datafield tag="690" ind1=" " ind2=" ">
   <subfield code="a">pohybová aktivita</subfield>
  </datafield>
  <datafield tag="690" ind1=" " ind2=" ">
   <subfield code="a">aplikace pro pohybovou aktivitu</subfield>
  </datafield>
  <datafield tag="690" ind1=" " ind2=" ">
   <subfield code="a">gamifikování pohybové aktivity</subfield>
  </datafield>
  <datafield tag="690" ind1=" " ind2=" ">
   <subfield code="a">mentální a fyzické zdraví</subfield>
  </datafield>
  <datafield tag="700" ind1="1" ind2=" ">
   <subfield code="a">Sudzina, František</subfield>
   <subfield code="%">ISIS:137922</subfield>
   <subfield code="4">ths</subfield>
  </datafield>
  <datafield tag="700" ind1="1" ind2=" ">
   <subfield code="a">Grosová, Stanislava</subfield>
   <subfield code="4">opn</subfield>
  </datafield>
  <datafield tag="710" ind1="2" ind2=" ">
   <subfield code="a">Vysoká škola ekonomická v Praze.</subfield>
   <subfield code="b">Fakulta informatiky a statistiky</subfield>
   <subfield code="7">kn20010709399</subfield>
   <subfield code="4">dgg</subfield>
  </datafield>
  <datafield tag="856" ind1="4" ind2="0">
   <subfield code="u">https://insis.vse.cz/zp/85105/podrobnosti</subfield>
   <subfield code="y">VŠKP v InSIS</subfield>
  </datafield>
  <datafield tag="856" ind1="4" ind2="0">
   <subfield code="u">https://insis.vse.cz/zp/85105</subfield>
   <subfield code="y">Hlavní práce</subfield>
  </datafield>
  <datafield tag="856" ind1="4" ind2="0">
   <subfield code="u">https://insis.vse.cz/zp/85105/posudek/vedouci</subfield>
   <subfield code="y">Hodnocení vedoucího</subfield>
  </datafield>
  <datafield tag="856" ind1="4" ind2="0">
   <subfield code="u">https://insis.vse.cz/zp/85105/posudek/oponent/82231</subfield>
   <subfield code="y">Oponentura</subfield>
  </datafield>
  <datafield tag="856" ind1="4" ind2="0">
   <subfield code="u">https://insis.vse.cz/zp/85105/priloha/28306</subfield>
   <subfield code="y">Přiloha k práci</subfield>
  </datafield>
  <datafield tag="856" ind1="4" ind2="0">
   <subfield code="u">https://insis.vse.cz/zp/85105/priloha/28307</subfield>
   <subfield code="y">Přiloha k práci</subfield>
  </datafield>
  <datafield tag="856" ind1="4" ind2="0">
   <subfield code="u">https://insis.vse.cz/zp/85105/priloha/28308</subfield>
   <subfield code="y">Přiloha k práci</subfield>
  </datafield>
  <datafield tag="856" ind1="4" ind2="0">
   <subfield code="u">https://insis.vse.cz/zp/85105/priloha/28309</subfield>
   <subfield code="y">Přiloha k práci</subfield>
  </datafield>
  <datafield tag="856" ind1="4" ind2="0">
   <subfield code="u">https://insis.vse.cz/zp/85105/priloha/28310</subfield>
   <subfield code="y">Přiloha k práci</subfield>
  </datafield>
  <datafield tag="856" ind1="4" ind2="0">
   <subfield code="u">https://insis.vse.cz/zp/85105/priloha/28311</subfield>
   <subfield code="y">Přiloha k práci</subfield>
  </datafield>
  <datafield tag="856" ind1="4" ind2="0">
   <subfield code="u">https://insis.vse.cz/zp/85105/priloha/28312</subfield>
   <subfield code="y">Přiloha k práci</subfield>
  </datafield>
  <datafield tag="856" ind1="4" ind2="0">
   <subfield code="u">https://insis.vse.cz/zp/85105/priloha/28313</subfield>
   <subfield code="y">Přiloha k práci</subfield>
  </datafield>
  <datafield tag="856" ind1="4" ind2="0">
   <subfield code="u">https://insis.vse.cz/zp/85105/priloha/28314</subfield>
   <subfield code="y">Přiloha k práci</subfield>
  </datafield>
  <datafield tag="856" ind1="4" ind2="0">
   <subfield code="u">https://insis.vse.cz/zp/85105/priloha/28315</subfield>
   <subfield code="y">Přiloha k práci</subfield>
  </datafield>
  <datafield tag="856" ind1="4" ind2="0">
   <subfield code="u">https://insis.vse.cz/zp/85105/priloha/28316</subfield>
   <subfield code="y">Přiloha k práci</subfield>
  </datafield>
  <datafield tag="856" ind1="4" ind2="0">
   <subfield code="u">https://insis.vse.cz/zp/85105/priloha/28317</subfield>
   <subfield code="y">Přiloha k práci</subfield>
  </datafield>
  <datafield tag="856" ind1="4" ind2="0">
   <subfield code="u">https://insis.vse.cz/zp/85105/priloha/28318</subfield>
   <subfield code="y">Přiloha k práci</subfield>
  </datafield>
  <datafield tag="999" ind1="4" ind2="0">
   <subfield code="u">https://insis.vse.cz/zp/85105/podrobnosti</subfield>
   <subfield code="y">dc:identifier</subfield>
  </datafield>
  <datafield tag="993" ind1=" " ind2=" ">
   <subfield code="x">NEPOSILAT</subfield>
   <subfield code="y">VSKP</subfield>
  </datafield>
  <datafield tag="999" ind1="4" ind2="9">
   <subfield code="a">vse85105</subfield>
   <subfield code="b">240531</subfield>
  </datafield>
  <datafield tag="999" ind1="4" ind2="5">
   <subfield code="x">85105</subfield>
  </datafield>
 </record>
</collection>
